000 00712cam a2200217 a 4500
001 000003790
005 20200929150554.0
008 930204s1994 ag 000 f spa
020 _a9501513750
040 _aDO-SdBNP
_bspa
_cBNPHU
082 _a813.54
_bM329j
100 1 _aMargolin, Phillip.
_911518
240 1 0 _aGone, but not forgotten.
_lEspañol
245 1 0 _aJamas me olvidaran /
_cPhillip Margolin ; traducción, Silvia Sassone.
260 _aBuenos Aires :
_bJavier Vergara,
_c1994.
300 _a376 p. ;
_c22 cm.
534 _aTítulo original:
_tGone, but not forgotten
650 4 _aNovela estadounidense
_9262
650 4 _aLiteratura estadounidense
_9263
700 1 _aSassone, Silvia,
_etr.
_911144
999 _c3612
_d3612